Missing Word: 'H' Movies Quiz Stats

 Plays Quiz Updated Jan 29, 2019

     
Support Sporcle.
Go Orange.
Score 0/22 Timer 03:00
0 Plays Today
Movie Missing Word % Correct
_____, I Shrunk the KidsHoney
99.3%
_____ Potter and the Sorcerer's StoneHarry
98.4%
_____ AloneHome
97.7%
Some Like It _____ Hot
94.6%
_____ NoonHigh
90.6%
The _____ for Red OctoberHunt
89.9%
Wuthering _____ Heights
89.2%
The _____ LockerHurt
87.7%
From _____ to EternityHere
85.1%
A _____ Day's NightHard
83.8%
_____ BossesHorrible
80.9%
Movie Missing Word % Correct
The _____ Have EyesHills
80.5%
It _____ One NightHappened
78.4%
_____ BoundHomeward
77.7%
_____ Green Was My ValleyHow
73.7%
_____ FloatsHope
67.8%
Annie _____ Hall
66.9%
A _____ of ViolenceHistory
46.5%
_____ FiguresHidden
43.9%
_____ RidgeHeartbreak
26.7%
_____ Moving CastleHowl's
24.7%
_____ ManHollow
22%

Today's Daily Dose

Missing Word
Rappers A-Z

Word Ladder
Required Reading

Get the Picture
WWE Big Four PPVs

From the Vault

Superman Actors

by Derek

It's a bird, It's a plane, It's that actor known as the guy who once played Superman!
Remove Ads.
Support Sporcle.
Get the best of Sporcle when you Go Orange. This ad-free experience offers more features, more stats, and more fun while also helping to support Sporcle. Thank you for becoming a member.

Show Comments

Extras

Top Quizzes Today


Score Distribution

Your Account Isn't Verified!

In order to create a playlist on Sporcle, you need to verify the email address you used during registration. Go to your Sporcle Settings to finish the process.

Report this User

Report this user for behavior that violates our Community Guidelines.

Details: